00427nam a2200193Ia 4500003000900000008004100009040001300050040001300063041000800076100002400084245003500108250001700143260000900160300001100169300001000180490002600190490000800216710000900224IT-RoPAU120407s9999 xx 000 0 und d aIT-RoPAU cIT-RoPAU aita aTommaso Leccisotti  aSepolcro (il) di S. Benedetto. aMontecassino c1951 a245 p. c26 cm aMiscellanea cassinese v127 aetc.